Płyty Tektoniczne na Mapie - Statystyki

Ogólne statystyki
  • Ten quiz został rozwiązany 619 razy
  • Średni wynik to 12 z 29
Odpowiedzi na mapie
Odpowiedzi zakodowano w zielono-czerwonej skali na mapie do tego quizu, zgodnie z poniższymi procentami.
 
Statystyki odpowiedzi
Odpowiedź % Poprawnych
Afrykańska
96%
Eurazjatycka
93%
Australijska
91%
Arabska
90%
Indyjska
89%
Pacyficzna
87%
Północnoamerykańska
87%
Południowoamerykańska
86%
Arktyczna
84%
Karaibska
75%
Filipińska
64%
Kokosowa
58%
Anatolska
51%
Nazca
51%
Somalijska
43%
Panamska
21%
Juan de Fuca
15%
Timorska
11%
Szkocka
8%
Birmańska
7%
Ochocka
7%
Północnoandyjska
7%
Wielkanocna
5%
Amur
4%
Ptasia Głowa
4%
Jangcy
3%
Morze Banda
3%
Morze Molucca
3%
Karolińska
2%
Nie znaleziono quizów pasujących do podanych kryteriów
Rozkład punktacji
Procent ludzi z każdym wynikiem
Percentyl według liczby udzielonych odpowiedzi
Twoja historia wyników
Nie rozwiązałeś tego quizu